| 000 | 01499cam a22003375a 4500 | ||
|---|---|---|---|
| 001 | 016436569 | ||
| 003 | OSt | ||
| 005 | 20201128021513.0 | ||
| 008 | 130621s2013 enka frbd 001 0 eng d | ||
| 020 | _a9781408271605 (paperback) | ||
| 040 |
_aUkOxU _beng _cUkOxU _dUk _dEG-ScBUE |
||
| 082 | 0 | 4 |
_a658.4038011 _bLAU _222 |
| 100 | 1 |
_aLaudon, Kenneth C., _d1944- _91293 |
|
| 245 | 1 | 0 |
_aManagement information systems : _bmanaging the digital firm / _cKenneth C. Laudon, Jane P. Laudon, Ahmed Elragal. |
| 250 | _aArab world ed. | ||
| 260 |
_aHarlow : _bPearson Education Limited, _c2013. |
||
| 300 |
_a(Various pagings) : _bill. (col.) ; _c28 cm. |
||
| 500 | _aAuthorized adaptation from the United Stated edition, entitled Management information systems : managing the digital firm, 12th edition, by Kenneth C. Laudon and Jane P. Laudon. | ||
| 500 | _aAuthorized adaptation from the United Stated edition, entitled Management information systems : managing the digital firm, 12th edition, by Kenneth C. Laudon and Jane P. Laudon. | ||
| 500 | _aIncludes glossary. | ||
| 500 | _aIncludes MyMISLab. | ||
| 504 | _aIncludes bibliographical references and index. | ||
| 590 | _aNis. | ||
| 650 | 0 |
_aManagement information systems _zArab countries _vCase studies. _2BUEsh |
|
| 651 | _2BUEsh | ||
| 653 |
_bCOMSCI _cAugust2015 _cDecember2015 |
||
| 650 | 7 |
_91296 _aManagement information systems _2BUEsh |
|
| 700 | 1 |
_aLaudon, Jane Price _c(Ph. D.), |
|
| 700 | 1 |
_aElragal, Ahmed _q(Ahmed A.), |
|
| 942 | _2ddc | ||
| 999 |
_c20560 _d20532 |
||